000 00539nam a22001697a 4500
005 20251108165011.0
008 250721s1985 xx 000 0 ara d
082 1 4 _a956.06/عبد
100 1 _aحتاملة، عبد الكريم
245 1 0 _aالبنية الإدارية للدولة العباسية في القرن الثالث الهجري /
264 1 _aعمان :
_bالمؤلف،
_c1985.
300 _a196ص
650 1 7 _aالعباسيون 750-1258
650 1 7 _aتاريخ العرب
942 _2ddc
_cBK
999 _c19525
_d19525